National income of Japan. (Record no. 90041)

MARC details
000 -LEADER
fixed length control field 00964cam a22002531 4500
001 - CONTROL NUMBER
control field sd 51000059
003 - CONTROL NUMBER IDENTIFIER
control field DLC
005 - DATE AND TIME OF LATEST TRANSACTION
control field 20260227112736.0
008 - FIXED-LENGTH DATA ELEMENTS--GENERAL INFORMATION
fixed length control field 910404s1945 dcua b f000 0 eng c
010 ## - LIBRARY OF CONGRESS CONTROL NUMBER
LC control number sd 51000059
035 ## - SYSTEM CONTROL NUMBER
System control number (OCoLC)23376380
040 ## - CATALOGING SOURCE
Original cataloging agency U.S. Dept. of State
Transcribing agency MShM
Modifying agency MShM
-- DLC
042 ## - AUTHENTICATION CODE
Authentication code premarc
050 00 - LIBRARY OF CONGRESS CALL NUMBER
Classification number UB250
Item number .U33 no. 2636
082 #0 - DEWEY DECIMAL CLASSIFICATION NUMBER
Classification number 339.352
110 1# - MAIN ENTRY--CORPORATE NAME
Corporate name or jurisdiction name as entry element United States.
Subordinate unit Department of State.
-- Interim Research and Intelligence Service.
-- Research and Analysis Branch.
245 10 - TITLE STATEMENT
Title National income of Japan.
Remainder of title First draft.
260 ## - PUBLICATION, DISTRIBUTION, ETC.
Place of publication, distribution, etc. [Washington]
Date of publication, distribution, etc. 1945.
300 ## - PHYSICAL DESCRIPTION
Extent 238 p.
Other physical details tables.
Dimensions 27 cm.
490 1# - SERIES STATEMENT
Series statement United States. Dept. of State. Interim Research and Intelligence Service. Research and Analysis Branch. R&A,
Volume/sequential designation no. 2636.
504 ## - BIBLIOGRAPHY, ETC. NOTE
Bibliography, etc. note Bibliography: p. 235-238.
650 #0 - SUBJECT ADDED ENTRY--TOPICAL TERM
Topical term or geographic name entry element National income
Geographic subdivision Japan.
810 1# - SERIES ADDED ENTRY--CORPORATE NAME
Corporate name or jurisdiction name as entry element United States.
Subordinate unit Department of State.
-- Office of Intelligence Research.
Title of a work R&A ;
Volume/sequential designation no. 2636.

No items available.

Powered by Koha